Parents of British Monarchs - Statistics

General Stats
  • This quiz has been taken 42 times
  • The average score is 27 of 36
Answer Stats
Hint Answer % Correct
Prince Phillip & Elizabeth II Charles III
95%
Henry VIII & Anne Boleyn Elizabeth I
95%
Edmund Tudor & Margaret Beaufort Henry VII
95%
Henry VII & Elizabeth of York Henry VIII
95%
Henry VIII & Catherine of Aragon Mary I
95%
George VI & Elizabeth Bowes-Lyon Elizabeth II
92%
Albert, Prince Consort & Victoria Edward VII
90%
Henry Stuart & Mary, Queen of Scots James I
90%
George III & Charlotte of Mecklenburg George IV and William IV
87%
William I & Matilda of Flanders William II and Henry I
87%
Charles I & Henrietta Maria of France Charles II and James II
85%
Edward VII & Alexandra of Denmark George V
85%
Henry V & Catherine of Valois Henry VI
85%
George V & Mary of Teck Edward VIII and George VI
82%
Edward IV & Elizabeth Woodville Edward V
79%
Henry VIII & Jane Seymour Edward VI
79%
Edward I & Eleanor of Castile Edward II
77%
George I & Sophia Dorothea of Celle George II
77%
Henry IV & Mary de Bohun Henry V
77%
Henry II & Eleanor of Aquitaine Richard I and John
77%
James I & Anne of Denmark Charles I
74%
Edward II & Isabella of France Edward III
72%
Richard Plantagenent, Duke of York & Cecily Neville Edward IV and Richard III
72%
Geoffrey Plantagenet & Empress Matilda Henry II
67%
James II & Anne Hyde Mary II and Anne
67%
Edward, the Black Prince & Joan of Kent Richard II
67%
Robert I, Duke of Normandy & Herleva of Falaise William I
67%
Henry III & Eleanor of Provence Edward I
64%
Ernest Augustus, Elector of Hanover & Sophia of the Palatinate George I
64%
Edward, Duke of Kent & Victoria of Saxe-Coburg-Saalfeld Victoria
64%
Frederick, Prince of Wales & Augusta of Saxe-Gotha George III
59%
John & Isabella of Angouleme Henry III
59%
John of Gaunt & Blanche of Lancaster Henry IV
59%
Stephen II, Count of Blois & Adela of Normandy Stephen
51%
William II, Prince of Orange & Mary, Princess Royal William III
46%
Henry I & Matilda of Scotland Empress Matilda
41%
No matching quizzes found
Score Distribution
Percent of People with Each Score
Percentile by Number Answered
Your Score History
You have not taken this quiz